[Event "II Trofeo Pentium4"]
[Site "Milano ITA"]
[Date "2002.07.09"]
[Round "1"]
[White "Borgo, Giulio"]
[Black "Godena, Michele"]
[Result "0-1"]
[WhiteElo "2420"]
[BlackElo "2488"]
[PlyCount "64"]
[EventDate "2002.07.09"]

1. c4 e6 2. Nc3 d5 3. d4 Nf6 4. Bf4 c5 5. e3 cxd4 6. exd4 Bb4 7. Bd3 O-O 8.
Nge2 b6 9. Bg5 h6 10. Bxf6 Qxf6 11. O-O Bb7 12. cxd5 exd5 13. Rc1 Rd8 14. Qb3
Bf8 15. Rc2 Nc6 16. Nxd5 Qg5 17. Ne3 Rxd4 18. Bc4 Rd7 19. Bb5 Bc5 20. Qa4 Rc7
21. h4 Qe5 22. Ng4 Qd6 23. Rc3 a6 24. Bxc6 Bxc6 25. Qc2 Rd8 26. a3 a5 27. Rc1
a4 28. Qf5 Qd5 29. Qxd5 Rxd5 30. Ne3 Rd2 31. R1c2 Rcd7 32. Kf1 Rd1+ 0-1

[Event "II Trofeo Pentium4"]
[Site "Milano ITA"]
[Date "2002.07.09"]
[Round "1"]
[White "Sedina, Elena"]
[Black "Lanzani, Mario"]
[Result "1/2-1/2"]
[WhiteElo "2416"]
[BlackElo "2349"]
[PlyCount "112"]
[EventDate "2002.07.09"]

1. e4 e5 2. Nf3 Nc6 3. Nc3 Nf6 4. g3 d5 5. exd5 Nxd5 6. Bg2 Nxc3 7. bxc3 Bc5 8.
O-O O-O 9. Re1 Bb6 10. d3 Re8 11. Nd2 Be6 12. Ne4 f5 13. Ng5 Bd5 14. Bh3 h6 15.
c4 Bxc4 16. dxc4 Qxd1 17. Rxd1 hxg5 18. Bxf5 Rf8 19. Be6+ Kh8 20. Be3 Nd4 21.
Bd5 Nxc2 22. Bxb6 axb6 23. Rab1 Nd4 24. Rb2 Ra4 25. Kg2 c6 26. Be4 b5 27. cxb5
Nxb5 28. Bc2 Rd4 29. Rxd4 exd4 30. Rb4 Rd8 31. Bd3 Rd5 32. Bc4 Rc5 33. Bxb5
cxb5 34. Rxd4 Kh7 35. Rd7 Rc2 36. Rxb7 Rxa2 37. Rxb5 Kh6 38. h3 Rc2 39. Rb6+ g6
40. Rb7 Ra2 41. Kf3 Ra3+ 42. Ke4 Ra4+ 43. Ke5 Ra5+ 44. Ke6 Ra6+ 45. Kf7 Ra2 46.
Re7 Rb2 47. Kf8 Rb8+ 48. Re8 Rb7 49. Re7 Rb8+ 50. Kf7 Rb2 51. Re6 Rb7+ 52. Kf6
Rb2 53. f4 gxf4 54. gxf4 Rb4 55. Ke5 Rb5+ 56. Ke4 Rh5 1/2-1/2

[Event "II Trofeo Pentium4"]
[Site "Milano ITA"]
[Date "2002.07.10"]
[Round "2"]
[White "Drazic, Sinisa"]
[Black "Belotti, Bruno"]
[Result "1-0"]
[WhiteElo "2486"]
[BlackElo "2430"]
[PlyCount "119"]
[EventDate "2002.07.09"]

1. d4 d5 2. Nc3 Nf6 3. Bg5 e6 4. e4 dxe4 5. Nxe4 Nbd7 6. Nf3 h6 7. Bxf6 Nxf6 8.
Nxf6+ Qxf6 9. Bd3 g6 10. c3 Bg7 11. Qe2 O-O 12. h4 Rd8 13. h5 g5 14. O-O-O Bd7
15. Be4 Rab8 16. Kb1 b5 17. Ne5 b4 18. c4 Ba4 19. b3 Rxd4 20. Rxd4 Qxe5 21.
Bh7+ Kxh7 22. Qxe5 Bxe5 23. Re4 Bf6 24. bxa4 b3 25. Rd1 bxa2+ 26. Kxa2 Rb2+ 27.
Ka3 Rxf2 28. Rd7 Kg8 29. Rxc7 a5 30. Ra7 Rxg2 31. Rxa5 Rg3+ 32. Ka2 Rg2+ 33.
Kb3 Rg3+ 34. Kc2 g4 35. Ra8+ Kg7 36. a5 Rg2+ 37. Kd3 g3 38. a6 Ra2 39. Rg4+ Bg5
40. a7 Ra3+ 41. Kc2 f5 42. Rxg3 Rxg3 43. Re8 Ra3 44. a8=Q Rxa8 45. Rxa8 Kf6 46.
Rg8 Bf4 47. c5 Kf7 48. Rh8 Ke7 49. Rh7+ Kd8 50. c6 Bg5 51. Kd3 e5 52. Kc4 e4
53. Rg7 Bc1 54. Kd5 Kc8 55. Rf7 e3 56. Rxf5 Bd2 57. Rf8+ Kc7 58. Rf7+ Kb6 59.
Re7 Ka6 60. Re8 1-0

[Event "II Trofeo Pentium4"]
[Site "Milano ITA"]
[Date "2002.07.10"]
[Round "2"]
[White "Godena, Michele"]
[Black "Bellia, Fabrizio"]
[Result "1-0"]
[WhiteElo "2488"]
[BlackElo "2412"]
[PlyCount "79"]
[EventDate "2002.07.09"]

1. e4 e6 2. d4 d5 3. Nd2 c5 4. Ngf3 cxd4 5. Nxd4 Nc6 6. Bb5 Bd7 7. Nxc6 Bxc6 8.
Bxc6+ bxc6 9. c4 Qa5 10. exd5 cxd5 11. cxd5 Qxd5 12. Qa4+ Qd7 13. Qxd7+ Kxd7
14. Nc4 Nf6 15. Ke2 Bd6 16. Rd1 Nd5 17. Ne3 Nxe3 18. Bxe3 Ke7 19. Rd3 Rhb8 20.
b3 Bb4 21. a3 Ba5 22. Rc1 Rb7 23. Rc4 Bb6 24. Bd2 Rd8 25. Rxd8 Kxd8 26. f3 Kd7
27. b4 h5 28. a4 a6 29. h3 Bc7 30. Kd3 Bd6 31. Rd4 Kc6 32. Kc4 Be7 33. Rd3 Rc7
34. Bf4 Rc8 35. Kb3 f6 36. Rc3+ Kb7 37. Rxc8 Kxc8 38. Kc4 Kb7 39. b5 g6 40. Be3
1-0

[Event "II Trofeo Pentium4"]
[Site "Milano ITA"]
[Date "2002.07.10"]
[Round "2"]
[White "Lanzani, Mario"]
[Black "Cebalo, Miso"]
[Result "0-1"]
[WhiteElo "2349"]
[BlackElo "2548"]
[PlyCount "102"]
[EventDate "2002.07.09"]

1. e4 c5 2. Nf3 d6 3. d4 cxd4 4. Nxd4 Nf6 5. Nc3 g6 6. Be3 Bg7 7. f3 O-O 8. Qd2
Nc6 9. O-O-O Nxd4 10. Bxd4 Be6 11. Kb1 Qc7 12. g4 Rfc8 13. h4 Qa5 14. a3 Rab8
15. h5 b5 16. hxg6 hxg6 17. g5 b4 18. Na2 Bxa2+ 19. Kxa2 Nh5 20. Bxg7 Kxg7 21.
b3 Qxa3+ 22. Kb1 Rc5 23. Qd4+ e5 24. Qb2 Qxb2+ 25. Kxb2 Ng3 26. Rg1 Nxf1 27.
Rgxf1 Rb6 28. Rf2 Kf8 29. Rh1 Ke7 30. f4 exf4 31. Rh4 Rb8 32. Rhxf4 Rf8 33. e5
Rxe5 34. Rxb4 Rxg5 35. Rb7+ Ke6 36. Rxa7 Re5 37. b4 g5 38. Rg2 Rg8 39. Ra6 g4
40. c4 f5 41. c5 f4 42. Rxd6+ Kf5 43. c6 f3 44. Rgd2 Rc8 45. Rh6 g3 46. Rd4 g2
47. Rh5+ Kg6 48. Rxe5 g1=Q 49. Rd6+ Kf7 50. Rf5+ Ke7 51. Rdf6 Qd4+ 0-1

[Event "II Trofeo Pentium4"]
[Site "Milano ITA"]
[Date "2002.07.10"]
[Round "2"]
[White "Lazic, Miroljub"]
[Black "Borgo, Giulio"]
[Result "1/2-1/2"]
[WhiteElo "2459"]
[BlackElo "2420"]
[PlyCount "114"]
[EventDate "2002.07.09"]

1. Nf3 Nf6 2. b3 c5 3. Bb2 e6 4. e3 b6 5. Be2 Bb7 6. O-O Be7 7. c4 d6 8. d4
cxd4 9. Nxd4 a6 10. Nc3 O-O 11. f4 d5 12. Bf3 Ra7 13. cxd5 Nxd5 14. Nxd5 Bxd5
15. f5 e5 16. Nb5 Rd7 17. Nc3 e4 18. Be2 Bc5 19. f6 Bxe3+ 20. Kh1 Bc6 21. fxg7
Re8 22. Bh5 Ree7 23. Qg4 Bd4 24. Rad1 Qe8 25. Ba1 Bc5 26. Rxd7 Nxd7 27. Ne2 Bd6
28. Nd4 Ne5 29. Qh4 Bd7 30. Qxe4 Ng6 31. Nf5 Bxf5 32. Qxf5 Be5 33. Qf2 Bxa1 34.
Rxa1 b5 35. Rf1 Re5 36. Bg4 Qe7 37. Qb6 Re1 38. Qf2 Rxf1+ 39. Qxf1 Kxg7 40. a4
Qb4 41. Qd1 Ne5 42. Be2 bxa4 43. bxa4 a5 44. h3 Qc3 45. Bb5 Kg6 46. Qb1+ f5 47.
Be8+ Kf6 48. Qb6+ Ke7 49. Bb5 Qc1+ 50. Kh2 Qf4+ 51. Kg1 Qg3 52. Qf2 Qxf2+ 53.
Kxf2 f4 54. g3 fxg3+ 55. Kxg3 Nd7 56. Kg4 Nb6 57. Kg5 Kf7 1/2-1/2

[Event "II Trofeo Pentium4"]
[Site "Milano ITA"]
[Date "2002.07.10"]
[Round "2"]
[White "Sedina, Elena"]
[Black "Qendro, Llambi"]
[Result "0-1"]
[WhiteElo "2416"]
[BlackElo "2355"]
[PlyCount "82"]
[EventDate "2002.07.09"]

1. e4 d6 2. d4 Nf6 3. Nc3 g6 4. f4 Bg7 5. a3 O-O 6. Nf3 c6 7. Bd3 Bg4 8. O-O e5
9. dxe5 dxe5 10. f5 Nbd7 11. h3 Bxf3 12. Qxf3 Nc5 13. Be3 Nxd3 14. Rad1 Qc7 15.
Rxd3 Rad8 16. Rxd8 Rxd8 17. g4 Ne8 18. Kg2 Nd6 19. Bg5 Rd7 20. Qe2 b5 21. Rd1
Nc4 22. Bc1 Bf8 23. a4 a6 24. b3 Nb6 25. Be3 Rxd1 26. Qxd1 Nd7 27. axb5 axb5
28. Qa1 b4 29. Nd1 c5 30. Qa6 Nb8 31. Qb5 Nc6 32. Bxc5 Nd4 33. Bxd4 Qxc2+ 34.
Bf2 Qxd1 35. Qxe5 Qxb3 36. Bd4 Qc2+ 37. Kg3 Qd3+ 38. Kh4 g5+ 39. Kxg5 Qd2+ 40.
Kh4 Qh6+ 41. Kg3 Bd6 0-1

[Event "II Trofeo Pentium4"]
[Site "Milano ITA"]
[Date "2002.07.11"]
[Round "3"]
[White "Bellia, Fabrizio"]
[Black "Lazic, Miroljub"]
[Result "1/2-1/2"]
[WhiteElo "2412"]
[BlackElo "2459"]
[PlyCount "101"]
[EventDate "2002.07.09"]

1. e4 Nc6 2. Nf3 d6 3. Bc4 Nf6 4. d3 Na5 5. Bb5+ c6 6. Ba4 b5 7. Bb3 e5 8. h3
Be7 9. O-O O-O 10. Re1 c5 11. Nc3 Nxb3 12. axb3 Qb6 13. Nh4 b4 14. Na4 Qc6 15.
Qf3 Ne8 16. Nf5 Bxf5 17. Qxf5 Nc7 18. f4 Bf6 19. Bd2 Ne6 20. fxe5 Bxe5 21. c3
Qb5 22. Qf3 Rab8 23. Rab1 Rb7 24. Red1 Rfb8 25. Be3 Bf6 26. d4 bxc3 27. bxc3 c4
28. Qg3 cxb3 29. Nb2 d5 30. exd5 Qxd5 31. c4 Qe4 32. d5 Nd4 33. Qf2 Bh4 34. Qd2
Nc2 35. Bf2 Bxf2+ 36. Qxf2 Rd7 37. d6 a5 38. c5 a4 39. Nxa4 Na3 40. Re1 Qxa4
41. Ra1 h6 42. Qb2 Nc4 43. Rxa4 Nxb2 44. Rd4 Rc8 45. Re7 Rdd8 46. d7 Ra8 47. c6
Kf8 48. Re1 Ra7 49. Rde4 Raa8 50. Rd4 Ra7 51. Rde4 1/2-1/2

[Event "II Trofeo Pentium4"]
[Site "Milano ITA"]
[Date "2002.07.11"]
[Round "3"]
[White "Belotti, Bruno"]
[Black "Godena, Michele"]
[Result "1/2-1/2"]
[WhiteElo "2430"]
[BlackElo "2488"]
[PlyCount "24"]
[EventDate "2002.07.09"]

1. e4 e5 2. Nf3 Nc6 3. d4 exd4 4. Nxd4 Bb4+ 5. c3 Bc5 6. Be3 Bb6 7. Nf5 Bxe3 8.
Nxe3 Nf6 9. f3 d6 10. Qd2 O-O 11. Na3 Be6 12. Bc4 Bxc4 1/2-1/2

[Event "II Trofeo Pentium4"]
[Site "Milano ITA"]
[Date "2002.07.11"]
[Round "3"]
[White "Cebalo, Miso"]
[Black "Drazic, Sinisa"]
[Result "1-0"]
[WhiteElo "2548"]
[BlackElo "2486"]
[PlyCount "121"]
[EventDate "2002.07.09"]

1. d4 c6 2. c4 d5 3. Nf3 Nf6 4. Nc3 e6 5. Bg5 dxc4 6. a4 Bb4 7. e4 Bxc3+ 8.
bxc3 Qa5 9. e5 Ne4 10. Bd2 Qd5 11. a5 Nd7 12. Qa4 b5 13. axb6 Nxb6 14. Qa3 c5
15. Be3 Bd7 16. dxc5 Na4 17. Qb4 a5 18. Qxc4 Qxc4 19. Bxc4 Nb2 20. Be2 O-O 21.
Ra3 Rfc8 22. O-O Nxc5 23. c4 h6 24. Rc1 Rab8 25. h4 Bc6 26. Nd4 Be4 27. Rxa5
Bd3 28. Rb5 Bxe2 29. Nxe2 Ncd3 30. Rb1 Ra8 31. R5xb2 Nxb2 32. Rxb2 Rxc4 33. g3
Ra5 34. Rb8+ Kh7 35. Rf8 Rc7 36. Bb6 Ra1+ 37. Kg2 Rb7 38. Bc5 Re1 39. Kf3 Rb2
40. Nf4 Rxe5 41. Bd6 Rb3+ 42. Kg2 Rf5 43. g4 Rf6 44. Be5 Rb4 45. Kg3 Rb3+ 46.
f3 Rxf4 47. Kxf4 Rb4+ 48. Ke3 Rb3+ 49. Ke4 Rb4+ 50. Bd4 f6 51. f4 Rb1 52. Re8
Re1+ 53. Be3 f5+ 54. gxf5 exf5+ 55. Kxf5 h5 56. Re7 Kh6 57. Re6+ Kh7 58. Bd4
Rh1 59. Re7 Rxh4 60. Rxg7+ Kh6 61. Rg8 1-0

[Event "II Trofeo Pentium4"]
[Site "Milano ITA"]
[Date "2002.07.11"]
[Round "3"]
[White "Qendro, Llambi"]
[Black "Lanzani, Mario"]
[Result "1/2-1/2"]
[WhiteElo "2355"]
[BlackElo "2349"]
[PlyCount "30"]
[EventDate "2002.07.09"]

1. d4 d5 2. c4 e6 3. Nc3 c6 4. cxd5 exd5 5. Nf3 Bd6 6. Bg5 Qb6 7. Qd2 Bf5 8. e3
Nd7 9. Na4 Qc7 10. Bd3 Bxd3 11. Qxd3 Ngf6 12. Nc3 O-O 13. O-O Rae8 14. Rac1 Qb8
15. Qf5 Re6 1/2-1/2

[Event "II Trofeo Pentium4"]
[Site "Milano ITA"]
[Date "2002.07.12"]
[Round "4"]
[White "Lanzani, Mario"]
[Black "Drazic, Sinisa"]
[Result "0-1"]
[WhiteElo "2349"]
[BlackElo "2486"]
[PlyCount "140"]
[EventDate "2002.07.09"]

1. e4 c5 2. Nf3 e6 3. d4 cxd4 4. Nxd4 a6 5. Bd3 Qc7 6. Qe2 e5 7. Nf5 d6 8. Nc3
Be6 9. Bg5 h6 10. Bh4 Nd7 11. O-O-O Ngf6 12. f4 O-O-O 13. Nxd6+ Bxd6 14. f5 Nc5
15. fxe6 fxe6 16. Bc4 b5 17. Bb3 Kb7 18. Kb1 Be7 19. Bf2 Qc6 20. a3 Nxb3 21.
cxb3 b4 22. axb4 Bxb4 23. Qe3 Bxc3 24. bxc3 Qxe4+ 25. Kb2 Qxe3 26. Bxe3 Ng4 27.
Bc1 Kc6 28. h3 Nf2 29. Rxd8 Rxd8 30. Rf1 Nd3+ 31. Kc2 Nxc1 32. Kxc1 Rd3 33. Kc2
Rg3 34. Rf2 e4 35. Rd2 a5 36. Re2 Kd5 37. Rd2+ Kc5 38. Re2 Kd5 39. Rd2+ Ke5 40.
Re2 g5 41. Kd2 h5 42. Kc2 h4 43. Kd2 Rd3+ 44. Kc2 Kf4 45. b4 axb4 46. cxb4 Ke5
47. Re1 Rg3 48. Re2 Kd4 49. Rd2+ Kc4 50. Re2 Rc3+ 51. Kd2 Rd3+ 52. Ke1 e3 53.
Rc2+ Kd4 54. Rb2 Kc3 55. Ra2 Rd2 56. Ra3+ Kd4 57. Kf1 Rf2+ 58. Kg1 Rb2 59. Kf1
Rxb4 60. Ra2 Kd3 61. Ra3+ Ke4 62. Ra2 Rd4 63. Ra6 e5 64. Ra3 Rd1+ 65. Ke2 Rd2+
66. Kf1 Kf4 67. Rb3 e4 68. Rb4 Rd1+ 69. Ke2 Rg1 70. g3+ hxg3 0-1

[Event "II Trofeo Pentium4"]
[Site "Milano ITA"]
[Date "2002.07.12"]
[Round "4"]
[White "Lazic, Miroljub"]
[Black "Belotti, Bruno"]
[Result "1-0"]
[WhiteElo "2459"]
[BlackElo "2430"]
[PlyCount "67"]
[EventDate "2002.07.09"]

1. e4 c5 2. Nf3 d6 3. c3 Nf6 4. h3 Nc6 5. Bd3 g6 6. Bc2 Bg7 7. O-O O-O 8. Re1
e5 9. d3 h6 10. Be3 b6 11. d4 cxd4 12. cxd4 Nb4 13. Nc3 Bb7 14. Bb1 exd4 15.
Nxd4 Re8 16. Qd2 Kh7 17. a3 Na6 18. Bf4 Nc5 19. f3 Nh5 20. Be3 d5 21. exd5 Bxd4
22. Qxd4 Nb3 23. Qg4 Nf6 24. Qf4 Rxe3 25. Rxe3 Nxa1 26. d6 Kg7 27. Re7 Qc8 28.
Ba2 Qc5+ 29. Kh1 Rf8 30. Rxb7 Nc2 31. Rc7 Qd4 32. Qxd4 Nxd4 33. Rxa7 h5 34. Kg1
1-0

[Event "II Trofeo Pentium4"]
[Site "Milano ITA"]
[Date "2002.07.12"]
[Round "4"]
[White "Qendro, Llambi"]
[Black "Borgo, Giulio"]
[Result "1/2-1/2"]
[WhiteElo "2355"]
[BlackElo "2420"]
[PlyCount "123"]
[EventDate "2002.07.09"]

1. d4 d5 2. c4 e6 3. Nc3 c6 4. cxd5 exd5 5. Bf4 Bd6 6. Bg3 Ne7 7. e3 Bf5 8. Bd3
g6 9. Nge2 O-O 10. O-O a5 11. f3 Bxd3 12. Qxd3 Bxg3 13. hxg3 Nd7 14. Rad1 Qb6
15. Nf4 Rad8 16. Qd2 Rfe8 17. Qf2 Nf8 18. g4 Qc7 19. Nd3 Nc8 20. e4 f6 21. Rfe1
Qf7 22. exd5 cxd5 23. Nf4 Nb6 24. Rxe8 Qxe8 25. Re1 Qc6 26. Qe2 a4 27. Qe3 Rd7
28. Qe8 Rc7 29. Qxc6 bxc6 30. Re8 Rb7 31. Rd8 Kf7 32. Rd6 Rc7 33. Nb5 Nc4 34.
Nxc7 Nxd6 35. Nd3 Nb5 36. Nxb5 cxb5 37. Nf4 Ne6 38. Nxd5 Nxd4 39. Nc3 Ke6 40.
Kf2 Kd6 41. Ke3 Kc5 42. Ne4+ Kc4 43. Nxf6 Nc2+ 44. Kd2 Nb4 45. a3 Nd3 46. Kc2
Ne1+ 47. Kb1 h6 48. Ng8 Nxg2 49. Nxh6 Kd5 50. Nf7 Ne1 51. f4 Nd3 52. f5 gxf5
53. gxf5 b4 54. Kc2 bxa3 55. bxa3 Ne5 56. Ng5 Nc4 57. f6 Nxa3+ 58. Kc3 Nb5+ 59.
Kb4 Nd6 60. Kxa4 Ke5 61. f7 Nxf7 62. Nxf7+ 1/2-1/2

[Event "II Trofeo Pentium4"]
[Site "Milano ITA"]
[Date "2002.07.13"]
[Round "5"]
[White "Bellia, Fabrizio"]
[Black "Qendro, Llambi"]
[Result "1/2-1/2"]
[WhiteElo "2412"]
[BlackElo "2355"]
[PlyCount "64"]
[EventDate "2002.07.09"]

1. e4 d6 2. d4 Nf6 3. Nc3 g6 4. f4 Bg7 5. Nf3 O-O 6. Bd3 Nc6 7. O-O Bg4 8. e5
dxe5 9. dxe5 Nd5 10. h3 Nxc3 11. bxc3 Bf5 12. Be3 Qc8 13. Qe2 f6 14. Bc4+ Be6
15. Nd4 Nxd4 16. cxd4 c6 17. f5 gxf5 18. Rxf5 Kh8 19. Rh5 Bxc4 20. Qxc4 Qe8 21.
Rh4 f5 22. Rb1 Rb8 23. Rf1 e6 24. Qe2 Rg8 25. Bg5 Bf8 26. Bf6+ Bg7 27. Rh6 Rf8
28. Rf4 Rxf6 29. Rxf6 Bxf6 30. exf6 Qf7 31. Qe5 Rf8 32. Qc5 Qxf6 1/2-1/2

[Event "II Trofeo Pentium4"]
[Site "Milano ITA"]
[Date "2002.07.13"]
[Round "5"]
[White "Borgo, Giulio"]
[Black "Lanzani, Mario"]
[Result "1/2-1/2"]
[WhiteElo "2420"]
[BlackElo "2349"]
[PlyCount "133"]
[EventDate "2002.07.09"]

1. Nf3 d5 2. d4 e6 3. c4 c5 4. cxd5 exd5 5. Bg5 Be7 6. Bxe7 Nxe7 7. dxc5 Na6 8.
e3 Nxc5 9. Bb5+ Bd7 10. Bxd7+ Qxd7 11. Nc3 O-O 12. Qd4 Ne6 13. Qd2 Rfd8 14. Rd1
Rac8 15. O-O Qc7 16. Qe2 Qc4 17. Rd2 Qxe2 18. Nxe2 Nc5 19. Nfd4 Ne4 20. Rdd1
Nc6 21. f3 Nd6 22. b3 Nxd4 23. Nxd4 Re8 24. Kf2 Rc3 25. Rfe1 h5 26. Rd2 Kf8 27.
Rc2 Rec8 28. Rxc3 Rxc3 29. Rd1 Ne8 30. Ke2 a6 31. Kd2 Rc8 32. g3 Ke7 33. h3 g6
34. g4 Ng7 35. Ne2 hxg4 36. hxg4 Ne6 37. Rh1 Ng5 38. Nd4 Ne6 39. Nxe6 Kxe6 40.
Kd3 Kd6 41. g5 Ke7 42. Kd2 b5 43. Rh4 a5 44. a3 Ke6 45. Rf4 Ke7 46. Rf6 Rh8 47.
Ra6 Rh2+ 48. Kc3 Re2 49. Kd3 Rb2 50. Kc3 Re2 51. Kd3 Rb2 52. Kc3 Re2 53. Rxa5
Rxe3+ 54. Kb4 Rxf3 55. Rxb5 Rf5 56. a4 Rxg5 57. a5 Rh5 58. a6 Rh8 59. Rb7+ Ke6
60. a7 Ra8 61. Kc5 d4 62. Kb6 d3 63. Rb8 d2 64. Rxa8 d1=Q 65. Re8+ Kd7 66. a8=Q
Qxb3+ 67. Kc5 1/2-1/2

[Event "II Trofeo Pentium4"]
[Site "Milano ITA"]
[Date "2002.07.13"]
[Round "5"]
[White "Cebalo, Miso"]
[Black "Lazic, Miroljub"]
[Result "1-0"]
[WhiteElo "2548"]
[BlackElo "2459"]
[PlyCount "89"]
[EventDate "2002.07.09"]

1. d4 d6 2. Nf3 Bg4 3. e4 Nc6 4. Be3 Nf6 5. Nc3 g6 6. d5 Nb8 7. Be2 Bg7 8. Qd2
c6 9. O-O cxd5 10. exd5 O-O 11. a4 Nbd7 12. a5 a6 13. Na4 Rc8 14. Rac1 Ne4 15.
Qb4 Bxf3 16. Bxf3 Nec5 17. Nxc5 Nxc5 18. h3 Qd7 19. Qd2 Qf5 20. b4 Ne4 21. Bxe4
Qxe4 22. c4 e6 23. dxe6 fxe6 24. Qxd6 Rc6 25. Qd2 Rxc4 26. Rxc4 Qxc4 27. Bc5
Rf7 28. Rd1 Bf8 29. Bxf8 Rxf8 30. g3 Rf7 31. Rc1 Qd5 32. Rc8+ Kg7 33. Qxd5 exd5
34. Rd8 Kf6 35. Rxd5 Ke6 36. Rd4 b6 37. Rh4 h5 38. Rc4 Kd6 39. h4 bxa5 40. bxa5
Rb7 41. Rc8 Rb5 42. Rg8 Rxa5 43. Rxg6+ Ke7 44. Kf1 Kf7 45. Rg5 1-0

[Event "II Trofeo Pentium4"]
[Site "Milano ITA"]
[Date "2002.07.13"]
[Round "5"]
[White "Drazic, Sinisa"]
[Black "Godena, Michele"]
[Result "0-1"]
[WhiteElo "2486"]
[BlackElo "2488"]
[PlyCount "148"]
[EventDate "2002.07.09"]

1. d4 d5 2. Nf3 Nf6 3. Bf4 g6 4. Nc3 Bg7 5. Qd2 Bf5 6. Ne5 Nbd7 7. f3 c6 8. g4
Be6 9. h4 h5 10. g5 Nh7 11. Nxd7 Qxd7 12. O-O-O O-O 13. Kb1 Rfd8 14. e3 Nf8 15.
Qh2 Bf5 16. Be5 Bxe5 17. Qxe5 Qe6 18. Qxe6 Nxe6 19. Be2 Nc7 20. b3 Rd6 21. Kc1
Re8 22. e4 Bc8 23. e5 Rdd8 24. Bd3 Ne6 25. Ne2 Ng7 26. Ng3 Kh7 27. Kd2 Ne6 28.
c3 Nf4 29. Bf1 f6 30. Ke3 fxe5 31. dxe5 Rf8 32. c4 c5 33. Re1 d4+ 34. Kd2 b6
35. Rh2 Bb7 36. Rf2 Kg7 37. Be2 Nxe2 38. Nxe2 Bxf3 39. Nc1 Bg4 40. Ref1 Rxf2+
41. Rxf2 Rf8 42. Rxf8 Kxf8 43. Nd3 Bf5 44. Nf4 Ke8 45. Kc1 Kd7 46. Kb2 Be4 47.
a3 Kc6 48. Kc1 b5 49. Kb2 bxc4 50. bxc4 Kd7 51. Kb3 Bf5 52. Kb2 e6 53. Kb3 Kc6
54. Kb2 Kb6 55. Kb3 Kc6 56. Kb2 Kb6 57. Kb3 Ka5 58. Ng2 Be4 59. Nf4 Bf5 60. Ng2
a6 61. Nf4 d3 62. Kc3 Ka4 63. Ng2 Kxa3 64. Ne3 Bh3 65. Nd1 a5 66. Nf2 Bf5 67.
Nd1 a4 68. Ne3 Bh3 69. Nd1 Ka2 70. Ne3 a3 71. Nd1 Bg4 72. Ne3 d2 73. Kxd2 Kb2
74. Nxg4 hxg4 0-1

[Event "II Trofeo Pentium4"]
[Site "Milano ITA"]
[Date "2002.07.14"]
[Round "6"]
[White "Borgo, Giulio"]
[Black "Bellia, Fabrizio"]
[Result "1/2-1/2"]
[WhiteElo "2420"]
[BlackElo "2412"]
[PlyCount "55"]
[EventDate "2002.07.09"]

1. e4 e6 2. d4 d5 3. Nd2 c5 4. Ngf3 cxd4 5. Nxd4 Nc6 6. Bb5 Bd7 7. Nxc6 Bxc6 8.
Bxc6+ bxc6 9. c4 Qa5 10. exd5 cxd5 11. cxd5 Qxd5 12. Qa4+ Qd7 13. Qxd7+ Kxd7
14. Nc4 Nf6 15. Ke2 Nd5 16. Ne3 Bc5 17. Nxd5 exd5 18. f3 d4 19. Bd2 a5 20. Rac1
Kd6 21. b3 Kd5 22. Kd3 a4 23. b4 Bb6 24. Rhe1 Rhe8 25. Re4 f5 26. Rxe8 Rxe8 27.
Re1 Rxe1 28. Bxe1 1/2-1/2

[Event "II Trofeo Pentium4"]
[Site "Milano ITA"]
[Date "2002.07.14"]
[Round "6"]
[White "Lazic, Miroljub"]
[Black "Drazic, Sinisa"]
[Result "1/2-1/2"]
[WhiteElo "2459"]
[BlackElo "2486"]
[PlyCount "27"]
[EventDate "2002.07.09"]

1. e4 c5 2. Nf3 Nc6 3. d4 cxd4 4. Nxd4 Nf6 5. Nc3 d6 6. Be3 Ng4 7. Bc1 Nf6 8.
Be3 g6 9. f3 Bg7 10. Qd2 O-O 11. O-O-O Bd7 12. h4 Qa5 13. h5 Rfc8 14. Kb1
1/2-1/2

[Event "II Trofeo Pentium4"]
[Site "Milano ITA"]
[Date "2002.07.14"]
[Round "6"]
[White "Qendro, Llambi"]
[Black "Belotti, Bruno"]
[Result "0-1"]
[WhiteElo "2355"]
[BlackElo "2430"]
[PlyCount "104"]
[EventDate "2002.07.09"]

1. d4 Nf6 2. c4 e6 3. Nf3 c5 4. e3 d5 5. Nc3 a6 6. a3 dxc4 7. dxc5 Qxd1+ 8.
Nxd1 Bxc5 9. Bxc4 b5 10. Be2 Bb7 11. O-O Nbd7 12. b4 Bd6 13. Nc3 Ke7 14. Bb2
Rhc8 15. Rfc1 Nb6 16. Nd2 Rc7 17. Nd1 Rac8 18. Rxc7+ Rxc7 19. Rc1 Rxc1 20. Bxc1
Na4 21. Bf3 Bxf3 22. Nxf3 e5 23. h3 Ne4 24. Nd2 Nxd2 25. Bxd2 e4 26. f3 exf3
27. gxf3 Ke6 28. e4 Be5 29. Bc1 Nb6 30. Kf2 Nc4 31. Ke2 f5 32. Kd3 Ba1 33. f4
fxe4+ 34. Kxe4 g6 35. Nf2 Nd6+ 36. Kd3 h5 37. Kc2 Bd4 38. Nd3 Kd5 39. Bb2 Bxb2
40. Kxb2 Ke4 41. Kc3 h4 42. Nc5+ Kxf4 43. Nxa6 Kg3 44. Kd4 Kxh3 45. Kc5 Kg2 46.
Kxd6 h3 47. Nc7 h2 48. Nxb5 h1=Q 49. a4 Qc1 50. Kd5 Qd1+ 51. Nd4 Qxa4 52. b5
Qb4 0-1

[Event "II Trofeo Pentium4"]
[Site "Milano ITA"]
[Date "2002.07.15"]
[Round "7"]
[White "Bellia, Fabrizio"]
[Black "Lanzani, Mario"]
[Result "1/2-1/2"]
[WhiteElo "2412"]
[BlackElo "2349"]
[PlyCount "56"]
[EventDate "2002.07.09"]

1. d4 d5 2. c4 dxc4 3. e3 Nf6 4. Bxc4 e6 5. Nf3 a6 6. O-O c5 7. dxc5 Qxd1 8.
Rxd1 Bxc5 9. Be2 b5 10. Nbd2 Bb7 11. Nb3 Be7 12. Bd2 Nc6 13. Nfd4 Nxd4 14. Nxd4
O-O 15. f3 Rac8 16. Rac1 Rxc1 17. Rxc1 Rc8 18. Rxc8+ Bxc8 19. a3 Bb7 20. b4 Kf8
21. Kf2 Ke8 22. e4 Nd7 23. Be3 Nb8 24. Ke1 Nc6 25. Nxc6 Bxc6 26. Bd4 f6 27. Kd2
e5 28. Be3 Kd7 1/2-1/2

[Event "II Trofeo Pentium4"]
[Site "Milano ITA"]
[Date "2002.07.15"]
[Round "7"]
[White "Cebalo, Miso"]
[Black "Qendro, Llambi"]
[Result "1/2-1/2"]
[WhiteElo "2548"]
[BlackElo "2355"]
[PlyCount "51"]
[EventDate "2002.07.09"]

1. d4 g6 2. c4 Bg7 3. Nc3 d6 4. e4 e5 5. dxe5 dxe5 6. Qxd8+ Kxd8 7. f4 Nc6 8.
Nf3 Nd4 9. Bd3 Nxf3+ 10. gxf3 c6 11. fxe5 Bxe5 12. Bd2 Ne7 13. O-O-O Kc7 14. h4
h5 15. f4 Bg7 16. f5 Be5 17. Rhf1 Bd7 18. c5 Rad8 19. Kc2 Bc8 20. fxg6 f6 21.
g7 Rh7 22. Na4 Kb8 23. Ba5 Re8 24. Bc3 Rxg7 25. Bxe5+ fxe5 26. Be2 1/2-1/2

[Event "II Trofeo Pentium4"]
[Site "Milano ITA"]
[Date "2002.07.15"]
[Round "7"]
[White "Drazic, Sinisa"]
[Black "Sedina, Elena"]
[Result "1/2-1/2"]
[WhiteElo "2486"]
[BlackElo "2416"]
[PlyCount "73"]
[EventDate "2002.07.09"]

1. d4 d5 2. Bg5 h6 3. Bh4 c6 4. Nf3 Qb6 5. b3 Bf5 6. e3 e6 7. Bd3 Bxd3 8. Qxd3
Be7 9. Nbd2 Nd7 10. c4 Bxh4 11. Nxh4 Ngf6 12. O-O O-O 13. c5 Qd8 14. b4 Re8 15.
g3 e5 16. Nf5 exd4 17. exd4 Ne4 18. f3 Nxd2 19. Qxd2 Re6 20. Nd6 b6 21. Rae1
Nf8 22. f4 Rxe1 23. Rxe1 Qd7 24. f5 Nh7 25. Qe2 Kf8 26. Qa6 Rb8 27. a3 Nf6 28.
Re2 b5 29. a4 bxa4 30. Qxa4 Ne8 31. Nxe8 Rxe8 32. Rxe8+ Qxe8 33. Kf2 Qe4 34.
Qxc6 Qc2+ 35. Kg1 Qd1+ 36. Kg2 Qe2+ 37. Kg1 1/2-1/2

[Event "II Trofeo Pentium4"]
[Site "Milano ITA"]
[Date "2002.07.15"]
[Round "7"]
[White "Godena, Michele"]
[Black "Lazic, Miroljub"]
[Result "1/2-1/2"]
[WhiteElo "2488"]
[BlackElo "2459"]
[PlyCount "23"]
[EventDate "2002.07.09"]

1. e4 Nc6 2. Nf3 d6 3. d4 Nf6 4. Nc3 Bg4 5. Be3 g6 6. h3 Bxf3 7. Qxf3 Bg7 8.
Bb5 Nd7 9. Rd1 O-O 10. O-O a6 11. Bxc6 bxc6 12. e5 1/2-1/2

[Event "II Trofeo Pentium4"]
[Site "Milano ITA"]
[Date "2002.07.16"]
[Round "8"]
[White "Bellia, Fabrizio"]
[Black "Belotti, Bruno"]
[Result "1/2-1/2"]
[WhiteElo "2412"]
[BlackElo "2430"]
[PlyCount "35"]
[EventDate "2002.07.09"]

1. e4 e5 2. Nf3 Nc6 3. Bb5 a6 4. Ba4 Nf6 5. O-O Be7 6. Re1 b5 7. Bb3 d6 8. c3
O-O 9. h3 Na5 10. Bc2 c5 11. d4 Qc7 12. d5 Nc4 13. b3 Nb6 14. Nbd2 Bd7 15. Nf1
Rfb8 16. Be3 a5 17. Ng3 g6 18. Qd2 1/2-1/2